00667cam a2200205 a 450000100060000000300080000600500170001400800410003103500190007204000460009104100080013708200240014524500700016926000500023930000330028950400370032265000240035970000570038370000210044010212BD-RjUL20211208234920.0140123t1962 nyua b 001 0 eng d a(BD-RjUL)10260 aDLC/ICUcCGUdDLCdUKMdEQOdBD-RjULbeng aeng00a541.7216bINO 196200aInorganic polymers /cedited by F.G.A. Stone [and] W.A.G. Graham. aNew York ;aLondon :bAcademic Press,cc1962. axi, 631 p. :bill. ;c24 cm. aIncludes bibliography and index. 0aInorganic polymers.1 aStone, F. Gordon A.q(Francis Gordon Albert),d1925-1 aGraham, W. A. G.